Leader xxxxxxxxxx
001 __ PCLIS00018418
005 __ 20220219151301.0
010 0_ |a957-08-0181-6|b平裝|dNT$250-300
100 __ |a19980615d1980 k y0chiy09 e
101 0_ |achi
102 __ |atw
105 __ |ay z 000ay
200 1_ |a三國演義|f羅貫中著
205 __ |a初版
210 __ |a臺北市|c聯經|d民69(1980)
215 0_ |a[14], 962面|d21公分
225 __ |a中國古典小說新刊
300 __ |a本館最新館藏為2010年第三十七刷
306 __ |a民85年第十七刷
306 __ |a2010年第三十七刷
606 __ |2cst|a章回小說
681 __ |a857.4523|b6546
681 __ |a857.4523|b6546 88 c1
700 _1 |s明|a羅|b貫中|f1320-1400|4著
801 _0 |atw|b內湖高中|c20010622|gCCR
801 _2 |atw|b內湖高中|c20220219|gCCR
|